Statistics for Countries that produce the most Cereal

Click here to take the quiz!

General Stats

  • This quiz has been taken 26 times
  • The average score is 12 of 15

Answer Stats

HintAnswer% Correct
1.China
100%
2.U.S.A.
100%
3.India
96%
4.Russia
96%
11.France
92%
5.Brazil
83%
8.Canada
83%
13.Germany
83%
9.Ukraine
83%
7.Indonesia
71%
6.Argentina
67%
15Turkey
63%
14.Pakistan
58%
10.Bangladesh
38%
12.Vietnam
38%

Score Distribution

Percentile by Number Answered

Percent of People with Each Score

Your Score History

You have not taken this quiz